Normal view
MARC view
Entry Topical Term
001 - CONTROL NUMBER
- control field: 2413
003 - CONTROL NUMBER IDENTIFIER
- control field: ARRUPE
005 - DATE AND TIME OF LATEST TRANSACTION
- control field: 20131010143614.0
008 - FIXED-LENGTH DATA ELEMENTS
- fixed length control field: 131010|| aca||aabn | a|a d
040 ## - CATALOGING SOURCE
- Original cataloging agency: ARRUPE
- Transcribing agency: ARRUPE
150 ## - HEADING--TOPICAL TERM
- Topical term or geographic name as entry element: Women
- General subdivision: History
- Chronological subdivision: Middle ages, 500-1500.
670 ## - SOURCE DATA FOUND
- Source citation: Work cat.: (ARRUPE)0: Women in medieval society /, 1976.